Statistiche per Scuderie che hanno vinto un Campionato mondiale costruttori di F1

Clicka qui per fare il quiz!

Statistiche generali

  • Questo quiz è stato fatto 11 volte
  • Il punteggio medio è 3 su 6

Statistiche sulle risposte

NazioneStagione del titolo costruttoriScuderia% Corretto
Regno Unito / Italia1995Benetton
80%
Regno Unito2009Brawn
50%
Regno Unito1962BRM
40%
Francia1969Matra
30%
Regno Unito1971Tyrrell
30%
Regno Unito1958Vanwall
20%

Distribuzione punteggi

Percentile per numero di risposta

Percentuale di utenti per punteggio

I tuoi punteggi nel tempo

Non hai fatto questo quiz